| 000 | 00553nam a22001697a 4500 | ||
|---|---|---|---|
| 005 | 20251128103938.0 | ||
| 008 | 251128b |||||||| |||| 00| 0 eng d | ||
| 020 | _a9780131481893 | ||
| 050 |
_aTA545 _b.W77 |
||
| 100 | _aWolf, Paul R. | ||
| 245 |
_aElementary Surveying _ban introduction to geomatics _cPaul R. Wolf & Charles D. Ghilani |
||
| 250 | _a11th ed. | ||
| 260 |
_aUpper Saddle River, New Jersey _bPearson Prentice Hall _c2006 |
||
| 300 |
_axxvii. 916p. _bill. some color _c24cm |
||
| 700 | _aGhilani, Charles D. | ||
| 942 |
_2lcc _cBK _e11th ed. _n0 |
||
| 999 |
_c8397 _d8397 |
||